| 000 | 00741nam a2200229Ii 4500 | ||
|---|---|---|---|
| 003 | JO-AjNU | ||
| 008 | 230605s9999||||xx |||||||||||||| ||und|| | ||
| 017 | _a2009/4/1136 | ||
| 020 | _a978-9957-07168-4 | ||
| 040 |
_aJO-AjNU _bara _erda _cJO-AjNU |
||
| 041 | _aara | ||
| 050 | 1 | 4 | _aLC3993.S97 2010 |
| 100 | 3 |
_aالسرور،ناديا هايل, _eauthor _926030 |
|
| 245 | 0 | 0 | _aمدخل إلى تربية المتميزين والموهوبين |
| 250 | _aط5 | ||
| 264 | 3 | 1 | _aعمان:دار الفكر،2010 |
| 300 | _a349ص | ||
| 336 |
_atext _btxt _2rdacontent |
||
| 337 |
_aunmediated _bn _2rdamedia |
||
| 338 |
_avolume _bnc _2rdacarrier |
||
| 650 | 4 |
_a الأطفال الموهوبون. لأطفال-علم النفس. _926031 |
|
| 999 |
_aA9812 _c13380 _d13380 |
||